K-POP GROUPES - Statistics

General Stats
  • This quiz has been taken 273 times
  • The average score is 21 of 70
Answer Stats
Answer % Correct
8 BTS
100%
38 Blackpink
97%
15 Twice
84%
9 Stray kids
82%
12 EXO
72%
41 Itzy
70%
29 TXT
69%
64 B.I.G
64%
70 Seventeen
62%
42 NCT
61%
14 Ateez
56%
16 Red Velvet
55%
5 (G)I-dle
54%
10 Got7
49%
31 Mamamoo
48%
22 SHINee
46%
17 2NE1
43%
2 Monsta x
39%
3 Ikon
38%
23 Super Junior
36%
1 Astro
35%
50 2PM
33%
37 Momoland
33%
58 gfriend
32%
54 Btob
28%
26 Dreamcatcher
28%
18 LOONA
28%
33 Pentagon
28%
51 2AM
27%
11 Day6
26%
28 SNSD
26%
67 Winner
26%
45 4Minute
25%
32 CLC
25%
34 AOA
24%
69 f(x)
24%
35 IOI
24%
63 KARD
24%
52 Block B
23%
47 Wonder Girls
22%
43 Oneus
21%
36 Wanna one
21%
48 Kara
20%
49 T-ara
20%
24 NU'EST
18%
7 Vixx
18%
21 TVXQ
17%
19 B.A.P
16%
46 H.O.T
15%
13 Infinite
15%
53 Oh My girl
15%
66 Beast
14%
68 A.C.E
10%
4 Golden Child
10%
6 Pristin
9%
57 Boyfriend
8%
20 B1A4
7%
44 Gugudan
7%
60 Teen Top
7%
59 U Kiss
7%
56 CN BLUE
6%
27 N.Flying
6%
30 FT.ISLAND
5%
25 Dreamnote
4%
61 UP10TION
4%
62 KNK
3%
39 Hotshot
2%
40 Imfact
2%
55 MBLAQ
2%
65 MBLAQ
2%
No matching quizzes found
Score Distribution
Percent of People with Each Score
Percentile by Number Answered
Your Score History
You have not taken this quiz